Pan-Africanism from within; (Record no. 1634)

MARC details
000 -LEADER
fixed length control field 00845cam a2200289 4500
001 - CONTROL NUMBER
control field 1731992
003 - CONTROL NUMBER IDENTIFIER
control field OSt
005 - DATE AND TIME OF LATEST TRANSACTION
control field 20230620111956.0
008 - FIXED-LENGTH DATA ELEMENTS--GENERAL INFORMATION
fixed length control field 750109s1973 ke a b 001 0aeng
010 ## - LIBRARY OF CONGRESS CONTROL NUMBER
LC control number 73980149
020 ## - INTERNATIONAL STANDARD BOOK NUMBER
International Standard Book Number 0195723120
-- 0195720180 (pbk.)
040 ## - CATALOGING SOURCE
Original cataloging agency DLC
Transcribing agency DLC
Modifying agency DLC
043 ## - GEOGRAPHIC AREA CODE
Geographic area code f------
082 00 - DEWEY DECIMAL CLASSIFICATION NUMBER
Classification number 320.5/4/096
Item number KIN
100 0# - MAIN ENTRY--PERSONAL NAME
Personal name Ras Makonnen.
245 10 - TITLE STATEMENT
Title Pan-Africanism from within;
Statement of responsibility, etc. as recorded and edited by Kenneth King.
260 ## - PUBLICATION, DISTRIBUTION, ETC. (IMPRINT)
Place of publication, distribution, etc. Nairobi,
-- New York,
Name of publisher, distributor, etc. Oxford University Press,
Date of publication, distribution, etc. 1973.
300 ## - PHYSICAL DESCRIPTION
Extent xxii, 293 p.
Other physical details illus.
Dimensions 22 cm.
350 ## - PRICE (NR) (BK AM CF MU VM SE) [OBSOLETE]
Price 35/-
504 ## - BIBLIOGRAPHY, ETC. NOTE
Bibliography, etc Includes bibliographical references.
600 00 - SUBJECT ADDED ENTRY--PERSONAL NAME
Personal name Ras Makonnen.
650 #0 - SUBJECT ADDED ENTRY--TOPICAL TERM
Topical term or geographic name as entry element Pan-Africanism.
650 #0 - SUBJECT ADDED ENTRY--TOPICAL TERM
Topical term or geographic name as entry element Black race.
700 1# - ADDED ENTRY--PERSONAL NAME
Personal name King, Kenneth,
Dates associated with a name 1940-
906 ## - LOCAL DATA ELEMENT F, LDF (RLIN)
a 7
b cbc
c orignew
d 4
e ncip
f 19
g y-gencatlg
942 ## - ADDED ENTRY ELEMENTS (KOHA)
Source of classification or shelving scheme Dewey Decimal Classification
Koha item type Books
Holdings
Withdrawn status Lost status Source of classification or shelving scheme Damaged status Not for loan Home library Current library Date acquired Total Checkouts Full call number Barcode Date last seen Price effective from Koha item type
    Dewey Decimal Classification     County Hall Archives County Hall Archives 06/20/2023   320.5/4/096 KIN 10000949 06/20/2023 06/20/2023 Books
LIBRARY OPENING HOURS

When the Parliament is sitting: 8.00a.m - 7.00p.m or until the house adjourns
Mondays and Fridays and when the House is on Recess:  8.00a.m - 5.00p.m
Closed on Weekends and Public Holidays

Online Public Access Catalog (OPAC)
Website: http://www.parliament.go.ke
Bunge Library: https://libraryir.parliament.go.ke
Contact: library@parliament.go.ke | Tel no: (254-2)2221291 or 2848000 Ext 5043